| 000 | 00470nam a2200181Ia 4500 | ||
|---|---|---|---|
| 001 | 13786 | ||
| 005 | 20260306164826.0 | ||
| 008 | 260306t2017||||xx |||||||||||||| ||spa|| | ||
| 041 | _aESP | ||
| 082 |
_a005.133P _bV28 |
||
| 100 |
_aVanderplas, Jake _eAUT |
||
| 245 | 0 |
_aPython data science handbook: _bessential tools for working with data |
|
| 260 | _c2017 | ||
| 300 |
_axvi, 529 páginas : _c24 cm. |
||
| 650 | _aGEN | ||
| 654 | _aCCC | ||
| 942 |
_cLIB _dJUS _fJUS _2ddc _n |
||
| 999 |
_c13786 _d13786 |
||